| 000 | 00389nam a2200157Ia 4500 | ||
|---|---|---|---|
| 005 | 20250423095830.0 | ||
| 008 | 250422s9999 xx 000 0 und d | ||
| 020 | _a0- 619- 06321- 1 | ||
| 050 | _aTK 5105.8885.A26 .K35/ | ||
| 100 | _a Kalata, Kathleen | ||
| 245 | 0 | _aIntroduction to microsoft ASP.NET | |
| 260 | _bCourse Technology | ||
| 260 | _c2003 | ||
| 300 | _a598 p | ||
| 942 | _cBK | ||
| 999 |
_c31464 _d31464 |
||